00966nam a22002535a 450000100060000000300080000600500170001400800390003103500370007004000270010704100080013408200210014210000380016324500480020125000120024926000470026130000290030850000350033765000250037294200120039799900170040995201420042695201440056826972BD-RjUL20211209051108.0140324s1966 pk a 000 0 eng a(BD-RjUL)27043a(DLC) 00282339 aDLCcDLCbengdBD-RjUL aeng a954.71bSAS 19661 aṢābir, Mohammad Shafi.98288810aStory of Khyber /cby Mohammad Shafi Sabir. a1st ed. aPeshawar :bUniversity Book Agency,c1966. a100 p. :bill. ;c19 cm. aMaster microform held by: DLC. 0a Khyber Pass.982889 2ddccBK c26972d26972 00102ddc40708NFICaRUCLbRUCLcStackd1968-06-13eMirza book age.g3.50l0o954.71 SAS 1966r2014-03-24 00:00:00tC-2w2014-03-24yBK 00102ddc40728NFICaRUCLbRUCLcReadingd1968-06-13eMirza book age.g3.50l0o954.71 SAS 1966r2014-03-24 00:00:00tC-1w2014-03-24yBK